shades of purple - Statistics

General Stats
  • This quiz has been taken 512 times
    504 since last reset
  • The average score is 10 of 18
Answer Stats
Answer % Correct
violet
82%
lavender
66%
lilac
66%
magenta
60%
mulberry
56%
maroon
55%
grape
53%
mauve
53%
periwinkle
53%
heather
52%
jam
52%
sangria
52%
boysenberry
51%
orchid
51%
amethyst
49%
eggplant
49%
iris
47%
raisin
44%
No matching quizzes found
Score Distribution
Percent of People with Each Score
Percentile by Number Answered
Your Score History
You have not taken this quiz since the last reset